El Informador : Diario Independiente : 95 aniversario : testigos del tiempo 1917-2012 /

שמור ב:
מידע ביבליוגרפי
מחברים אחרים: Murià, José María (texto) (texto)
פורמט: ספר
שפה:ספרדית
יצא לאור: Guadalajara, México : El Informador, 2012
תגים: הוספת תג
אין תגיות, היה/י הראשונ/ה לתייג את הרשומה!

MARC

LEADER 00000nam^a2200000^a^4500
001 000622349
005 20251013000000.0
009 20260310133917.138
037 |a Acervo ITESO - Biblioteca 
041 |a ESP 
091 |a FOB. 02507 
240 1 4 |a [El Informador] 
245 0 0 |a El Informador :  |b Diario Independiente : 95 aniversario : testigos del tiempo 1917-2012 / 
264 4 |a Guadalajara, México :  |b El Informador,  |c 2012 
300 |a 196 p. 
336 |a texto  |b txt  |2 rdacontenido 
337 |a sin mediación  |b n  |2 rdamedio 
338 |a volumen  |b nc  |2 rdasoporte 
649 |a XX 
700 |a Murià, José María  |e (texto) 
910 |a Fondo Carlos de Obeso Orendain 
920 |a Impresos - Libros 
930 |a Fondos Especiales 
905 |a 147 
901 |a 622349-10  |b IT2  |c ESP  |i D84197  |u 20251013 
902 |a https://opac.biblio.iteso.mx/vufind/Record/000622349